000 00506nam a2200193 a 4500
001 1767765542446
003 YourLibrary
005 20260107144639.0
008 260107s2005##################000#0#eng##
020 _a9781412900638
082 0 4 _a300.72041
_bWIL
100 1 _aWilkinson, David,
_eauthor.
245 1 0 _aThe Essential Guide to Postgraduate Study :
260 _bSAGE,
_c2005.
300 _a344 pages
650 0 _aStudy Aids.
942 _cENGLISH
040 _aYourLibrary
_beng
_cYourLibrary
999 _c607508
_d607508